| 000 | 00780nam a2200229Ii 4500 | ||
|---|---|---|---|
| 003 | JO-AjNU | ||
| 008 | 230605s9999||||xx |||||||||||||| ||und|| | ||
| 017 | _a2012/9/3654 | ||
| 020 | _a978-9957-32-722-4 | ||
| 040 |
_aJO-AjNU _bara _erda _cJO-AjNU |
||
| 041 | _aara | ||
| 050 | 1 | 4 | _aK845.E44.M236.2013 |
| 100 | 3 |
_a المحاسنة، محمد أحمد علي , _eauthor _943353 |
|
| 245 | 0 | 0 | _aتنازع القوانين في العقود الإلكترونية " دراسة مقارنة " |
| 250 | _aط1 | ||
| 264 | 3 | 1 | _aعمان : دار الحامد ، 2013 |
| 300 | _a293ص | ||
| 336 |
_atext _btxt _2rdacontent |
||
| 337 |
_aunmediated _bn _2rdamedia |
||
| 338 |
_avolume _bnc _2rdacarrier |
||
| 650 | 4 |
_aالعقود -- التجارة الالكترونية _943354 |
|
| 999 |
_aA18632 _c22200 _d22200 |
||